LEADER 02827oam 2200949zu 450 001 9910450395603321 005 20210721060849.0 010 $a90-272-9996-X 010 $a9786612254901 010 $a0-585-46120-1 010 $a1-282-25490-1 035 $a(CKB)1000000000008896 035 $a(SSID)ssj0000116808 035 $a(PQKBManifestationID)11131923 035 $a(PQKBTitleCode)TC0000116808 035 $a(PQKBWorkID)10036080 035 $a(PQKB)11183721 035 $a(MiAaPQ)EBC622287 035 $a(EXLCZ)991000000000008896 100 $a20160829d2000 uy 101 0 $aeng 181 $ctxt 182 $cc 183 $acr 200 04$aThe caldron of consciousness : motivation, affect, and self-organization : an anthology 210 31$a[Place of publication not identified]$cJ Benjamins Pub Co$d2000 225 0 $aAdvances in consciousness research The caldron of consciousness 300 $aBibliographic Level Mode of Issuance: Monograph 311 $a90-272-5136-3 311 $a1-55619-196-0 606 $aConsciousness 606 $aEmotions 606 $aMotivation (Psychology) 606 $aSelf-organizing systems 606 $aEmotional Intelligence 606 $aBehavior and Behavior Mechanisms 606 $aPsychophysiology 606 $aPersonality Development 606 $aCognition 606 $aPsychoanalytic Theory 606 $aPsychiatry and Psychology 606 $aMental Processes 606 $aIntelligence 606 $aPsychological Theory 606 $aPsychological Phenomena and Processes 606 $aPersonality 606 $aConsciousness 606 $aEgo 606 $aMotivation 606 $aEmotions 606 $aSocial Sciences$2HILCC 606 $aPsychology$2HILCC 615 0$aConsciousness 615 0$aEmotions 615 0$aMotivation (Psychology) 615 0$aSelf-organizing systems 615 2$aEmotional Intelligence 615 2$aBehavior and Behavior Mechanisms 615 2$aPsychophysiology 615 2$aPersonality Development 615 2$aCognition 615 2$aPsychoanalytic Theory 615 2$aPsychiatry and Psychology 615 2$aMental Processes 615 2$aIntelligence 615 2$aPsychological Theory 615 2$aPsychological Phenomena and Processes 615 2$aPersonality 615 2$aConsciousness 615 2$aEgo 615 2$aMotivation 615 2$aEmotions 615 7$aSocial Sciences 615 7$aPsychology 676 $a153 702 $aNewton$b Natika 702 $aEllis$b Ralph D 801 0$bPQKB 906 $aBOOK 912 $a9910450395603321 996 $aThe caldron of consciousness : motivation, affect, and self-organization : an anthology$92043874 997 $aUNINA LEADER 02344nam 2200625Ia 450 001 9910784819503321 005 20230721031113.0 010 $a1-281-91953-5 010 $a9786611919535 010 $a981-277-454-8 035 $a(CKB)1000000000410392 035 $a(StDuBDS)AH24684528 035 $a(SSID)ssj0000152097 035 $a(PQKBManifestationID)11144728 035 $a(PQKBTitleCode)TC0000152097 035 $a(PQKBWorkID)10339147 035 $a(PQKB)10699616 035 $a(MiAaPQ)EBC1681235 035 $a(WSP)00005984 035 $a(Au-PeEL)EBL1681235 035 $a(CaPaEBR)ebr10201364 035 $a(CaONFJC)MIL191953 035 $a(OCoLC)815750026 035 $a(EXLCZ)991000000000410392 100 $a20070416d2007 uy 0 101 0 $aeng 135 $aur||||||||||| 181 $ctxt 182 $cc 183 $acr 200 10$aExperiments and demonstrations in physics$b[electronic resource] /$fYaakov Kraftmakher 205 $aNew Ed. 210 $aHackensack, N.J. $cWorld Scientific$dc2007 215 $a1 online resource (544p.) 225 1 $aBar-Ilan physics laboratory 300 $aBibliographic Level Mode of Issuance: Monograph 311 $a981-270-538-4 311 $a981-256-602-3 320 $aIncludes bibliographical references and index. 327 $aIntroductory Experiments; Mechanics and Molecular Physics; Electricity and Magnetism; Optics and Atomic Physics; Condensed Matter Physics; Nobel Prize Experiments; Student Projects. 330 $aA laboratory manual for high schools, colleges, and universities, it contains more than 80 experiments and lecture demonstrations. It also covers the essentials of general physics such as: mechanics and molecular physics, electricity and magnetism, optics and atomic physics, and condensed matter physics. 410 0$aBar-Ilan physics laboratory. 606 $aPhysics$xExperiments 606 $aPhysics$xComputer-assisted instruction 615 0$aPhysics$xExperiments. 615 0$aPhysics$xComputer-assisted instruction. 676 $a530.078 700 $aKraftmakher$b I?A. A$0626558 801 0$bMiAaPQ 801 1$bMiAaPQ 801 2$bMiAaPQ 906 $aBOOK 912 $a9910784819503321 996 $aExperiments and demonstrations in physics$91214866 997 $aUNINA